Central-Library-PUMHS

Online Public Access Catalogue

Welcome to PUMHS Central Library Nawabshah, SBA

Curriculum development in nursing education (Record no. 37801)

000 -LEADER
fixed length control field 00280nam a22001337a 4500
082 ## - DEWEY DECIMAL CLASSIFICATION NUMBER
Classification number 610.73 CAR
100 ## - MAIN ENTRY--AUTHOR NAME
Personal name Iwasiw CL
245 ## - TITLE STATEMENT
Title Curriculum development in nursing education
250 ## - EDITION STATEMENT
Edition statement 4th Edition
260 ## - PUBLICATION, DISTRIBUTION, ETC. (IMPRINT)
Year of publication 2020
300 ## - PHYSICAL DESCRIPTION
Number of Pages 491
650 ## - SUBJECT ADDED ENTRY--TOPICAL TERM
Topical Term Nursing
942 ## - ADDED ENTRY ELEMENTS (KOHA)
Koha item type Books
Holdings
Withdrawn status Lost status Permanent Location Current Location Shelving location Date acquired Source of acquisition Cost, normal purchase price Full call number Accession Number Koha item type
    Central Library New Campus PUMHS Nawabshah,(SBA) Central Library New Campus PUMHS Nawabshah,(SBA) Nursing Library 2026-02-28 M/S Noble Bill: 101 /N.N.B Date:5-6-25 1116.00 610.73 CAR 41031 Ref Books
    Central Library New Campus PUMHS Nawabshah,(SBA) Central Library New Campus PUMHS Nawabshah,(SBA) Nursing Library 2026-02-28 M/S Noble Bill: 101 /N.N.B Date:5-6-25 1116.00 610.73 CAR 41032 Ref Books
    Central Library New Campus PUMHS Nawabshah,(SBA) Central Library New Campus PUMHS Nawabshah,(SBA) Nursing Library 2026-02-28 M/S Noble Bill: 101 /N.N.B Date:5-6-25 1116.00 610.73 CAR 41033 Ref Books
    Central Library New Campus PUMHS Nawabshah,(SBA) Central Library New Campus PUMHS Nawabshah,(SBA) Nursing Library 2026-02-28 M/S Noble Bill: 101 /N.N.B Date:5-6-25 1116.00 610.73 CAR 41034 Ref Books
    Central Library New Campus PUMHS Nawabshah,(SBA) Central Library New Campus PUMHS Nawabshah,(SBA) Nursing Library 2026-02-28 M/S Noble Bill: 101 /N.N.B Date:5-6-25 1116.00 610.73 CAR 41035 Ref Books

Copyright © 2018,The PUMHSW, Nawabshah, Shaheed Benazirabad. All rights reserved
Mr. Abdul Sattar Mahar (Chief Librarian) PUMHSW, Nawabshah, Sindh, Pakistan 67480.
Ph#: | 0244-9370425 Ext. 2241 Email| librarian@pumhs.edu.pk Web| http://www.pumhs.edu.pk
سنڌي ڪي بورڊ